000 00666nam a2200205 i 4500
001 89765
003 ES-MaACL
005 20230906180250.0
007 t|
008 050112s1966 sp ||||1| spa d
100 1 _aLaunay, Jacques de.
_970602
245 1 0 _aSecretos diplomáticos de las dos guerras mundiales /
_cJacques de Launay ; [traducción de Domingo Pruna].
250 _a[1ª ed.].
260 _aBarcelona :
_bPlaza y Janés,
_c[1966]
300 _a326 p., 14 lám. ;
_c22 cm.
650 0 4 _aGuerra mundial, 1914-1918.
_913212
650 0 4 _aGuerra mundial, 1939-1945.
_913228
700 1 _aPruna, Domingo.
_994081
852 _aES-MaACL
_jG-5051
_bR.60909
999 _c89765
_d89765